| 000 | 01058nam0a22002771 4500 | ||
|---|---|---|---|
| 001 | rc\4990176 | ||
| 005 | 20260406125326.0 | ||
| 021 |
_aRU _b[65-52098] |
||
| 035 | _a(NLR Aleph) 008971880 | ||
| 090 |
_a9130016 _c9130016 |
||
| 100 | _a20130430d1965 |||y0rusy50 ca | ||
| 101 | 0 | _arus | |
| 102 | _aRU | ||
| 105 | _aa z |||a| | ||
| 200 | 1 |
_aСчиталки _e[Стихи _eИгра для мл. школьного возраста _fИл.: Б. Корнеев |
|
| 210 |
_aМосква] _cМалыш _d1965 |
||
| 215 |
_a[34] с. _cил. _d28 |
||
| 311 | _aПрил.: Приложение | ||
| 421 | 0 |
_11010#$arus _12001#$aПриложение _1215##$a1 отд. л. "Разрезная азбука" и [3] с. объяснений С. Брянцевой _tПриложение |
|
| 700 | 1 |
_8rus _7ca _aСапгир _bГ.В. _f1928-1999 _gГенрих Вениаминович _3RU\NLR\auth\771381 _9111407 |
|
| 702 | 1 |
_aКорнеев _bБ. _4440 |
|
| 801 | 0 |
_aRU _bNLR _gpsbo |
|
| 801 | 1 |
_aRU _bELAR _2rusmarc |
|
| 852 |
_aNLR _j65-8/1223 |
||
| 942 | _cBOOK | ||
| 980 | _aNB | ||